Veletrh práce úplně jinak a užitečně
Prečo sú dnes veľtrhy práce vnímané ako podradná vec. Príklad ako zorganizovať veľtrh práce efektívne.
Guardado en:
| Formato: | Capítulo de libro |
|---|---|
| Lenguaje: | checo |
| Materias: | |
| Etiquetas: |
Sin Etiquetas, Sea el primero en etiquetar este registro!
|
MARC
| LEADER | 00000naa a2200000 4500 | ||
|---|---|---|---|
| 001 | 0230037 | ||
| 005 | 20170512095125.7 | ||
| 041 | 0 | |a cze | |
| 044 | |a CZ | ||
| 245 | 1 | 0 | |a Veletrh práce úplně jinak a užitečně |
| 520 | |a Prečo sú dnes veľtrhy práce vnímané ako podradná vec. Príklad ako zorganizovať veľtrh práce efektívne. | ||
| 610 | 2 | 0 | |a práca |
| 610 | 2 | 0 | |a ponuka práce |
| 610 | 2 | 0 | |a veľtrhy |